000 00559nam a2200241Ia 4500
005 20260306150756.0
008 008 260114s9999 xx 000 0 eng d
020 _a9780814704981
037 _aEbook
040 _aCRL
040 _beng
040 _cCRL
041 _2eng
041 _aeng
084 _qCRL
245 0 _aJury Decision Making
260 _bNew York University Press
260 _c2012
650 _aSocial Sciences
856 _uhttps://www.degruyter.com/isbn/9780814704981
942 _cEBOOK
999 _c1699525
_d1699525